El olivo en la heráldica / (Record no. 150526)

MARC details
000 -LEADER
campo de control de longitud fija 00773nam a2200205 i 4500
001 - NÚMERO DE CONTROL
campo de control 150526
003 - IDENTIFICADOR DE NÚMERO DE CONTROL
campo de control ES-MaACL
005 - FECHA Y HORA DE LA ÚLTIMA TRANSACCIÓN
campo de control 20250930063128.0
007 - CAMPO FIJO DE DESCRIPCIÓN FÍSICA--INFORMACIÓN GENERAL
campo de control de longitud fija t|
008 - DATOS DE LONGITUD FIJA--INFORMACIÓN GENERAL
campo de control de longitud fija 071031s1950 sp ||||1| spa d
100 1# - ENTRADA PRINCIPAL--NOMBRE DE PERSONA
Nombre de persona Válgoma y Díaz-Varela, Dalmiro de la,
Fechas asociadas al nombre 1904-1990
9 (RLIN) 112691
245 13 - MENCIÓN DEL TÍTULO
Título El olivo en la heráldica /
Mención de responsabilidad, etc. por Dalmiro de la Válgoma y Díaz-Varela.
260 ## - PUBLICACIÓN, DISTRIBUCIÓN, ETC.
Lugar de publicación, distribución, etc. Madrid :
Nombre del editor, distribuidor, etc. Sindicato Vertical del Olivo,
Fecha de publicación, distribución, etc. 1950.
300 ## - DESCRIPCIÓN FÍSICA
Extensión 14 h. :
Otras características físicas il. ;
Dimensiones 24 cm.
500 ## - NOTA GENERAL
Nota general Precede al tít.: 13º Congreso Internacional de Oleicultura.
710 2# - ENTRADA AGREGADA--NOMBRE DE ENTIDAD CORPORATIVA
Nombre de entidad corporativa o nombre de jurisdicción como elemento de entrada Sindicato Vertical del Olivo.
9 (RLIN) 6618
711 2# - ENTRADA AGREGADA--NOMBRE DE REUNIÓN
Nombre de congreso/reunión o jurisdicción como elemento de entrada Congreso Internacional de Oleicultura (
Número del congreso/reunión o número de parte o sección 13º.
Fecha del congreso o de la firma del tratado 1950.
Sede del congreso/Lugar de la reunión Madrid-Sevilla)
9 (RLIN) 449
852 ## - LOCALIZACIÓN
Ubicación ES-MaACL
Número de control de estantería 1917-F-5
Sublocalización o colección R.30779
Holdings
Estatus retirado Estado de pérdida Estado de daño No para préstamo Colección Biblioteca de origen Biblioteca actual Ubicación en estantería Fecha de adquisición Fuente de adquisición Total de préstamos Signatura topográfica completa Código de barras Visto por última vez Precio de reemplazo Tipo de ítem Koha
        Colección de folletos Biblioteca del Ateneo de Madrid Biblioteca del Ateneo de Madrid Depósito folletos 17/01/2008     1917-F-5 1157071 23/02/2023 23/02/2023 Folleto